000 00432nam a2200157 i 4500
001 44651
003 ES-MaACL
005 20230906161054.0
007 t|
008 030324s1964 sp ||||1| spa d
100 1 _aCimadevilla, Cándido.
_938838
245 1 0 _aUniverso antiguo y mundo moderno /
_cCándido Cimadevilla.
260 _aMadrid :
_bRialp,
_c1964.
300 _a580 p. ;
_c20 cm.
852 _aES-MaACL
_jC-25628
_bR.54332
999 _c44651
_d44651